[Event "Anna Gagarin Memorial"]
[Site "Anna"]
[Date "2014.05.01"]
[Round "3"]
[White "Vechkanov, Valery"]
[Black "Loskutov, Vladislav"]
[Result "0-1"]
[WhiteElo "1852"]
[BlackElo "2034"]
[PlyCount "67"]
[EventDate "2014.04.30"]
[EventType "swiss"]
[EventRounds "9"]
[EventCountry "RUS"]
[SourceTitle "CBM 160 Extra"]
[Source "ChessBase"]
[SourceDate "2014.07.01"]
[SourceVersion "1"]
[SourceVersionDate "2014.07.01"]
[SourceQuality "1"]

1. d4 d5 2. Nf3 Nf6 3. c4 dxc4 4. Nc3 e6 5. Bg5 Be7 6. Bxf6 Bxf6 7. e3 a6 8. Bxc4 b5 9. Bd3 Bb7 10. 0-0 Nd7 11. Ne4 0-0 12. Rc1 Rc8 13. Bb1 g6 14. Qd2 Bg7 15. Qa5 c5 16. Qxd8 Rfxd8 17. Nd6 Bxf3 18. Nxc8 Ba8 19. Nd6 cxd4 20. exd4 Bxd4 21. b3 Nc5 22. b4 Na4 23. Rc8 Rxc8 24. Nxc8 Nc3 25. Re1 Kf8 26. Nd6 Nxb1 27. Rxb1 Ke7 28. Nc8+ Kd8 29. Rd1 e5 30. Nd6 Ke7 31. Nc8+ Ke6 32. Kf1 Bd5 33. f4 Bc4+ 34. Ke1 0-1

[Event "Borisoglebsk Bocharov Memorial"]
[Site "Borisoglebsk"]
[Date "2014.03.16"]
[Round "8"]
[White "Vechkanov, Valery"]
[Black "Kochukova, Anna"]
[Result "0-1"]
[WhiteElo "1852"]
[BlackElo "1866"]
[PlyCount "104"]
[EventDate "2014.03.13"]
[EventType "swiss"]
[EventRounds "9"]
[EventCountry "RUS"]
[SourceTitle "CBM 159 Extra"]
[Source "ChessBase"]
[SourceDate "2014.04.24"]
[SourceVersion "1"]
[SourceVersionDate "2014.04.24"]
[SourceQuality "1"]

1. d4 Nf6 2. c4 e6 3. Nc3 Bb4 4. Qc2 c5 5. dxc5 Nc6 6. e3 Bxc5 7. a3 0-0 8. Nf3 d5 9. cxd5 exd5 10. Be2 Bg4 11. 0-0 Rc8 12. Rd1 a6 13. b4 Ba7 14. Bb2 Bb8 15. Rd2 Qc7 16. g3 Rfd8 17. Rad1 Ne7 18. Qb3 h6 19. Nd4 Bxe2 20. Ncxe2 Ng6 21. Nf3 Qe7 22. Kg2 Ne5 23. Bxe5 Bxe5 24. Nxe5 Qxe5 25. Nf4 Rc3 26. Qa2 Kh7 27. a4 Qe4+ 28. Kg1 Qxb4 29. Qb1+ Qxb1 30. Rxb1 Rc7 31. f3 Rdd7 32. Rbd1 Rc4 33. Rd4 Rc3 34. Kf2 Rc2+ 35. R1d2 Rxd2+ 36. Rxd2 g5 37. Ne2 Rc7 38. Rd4 Rc2 39. h3 Rb2 40. Ke1 Rb1+ 41. Kd2 Rf1 42. f4 Ne4+ 43. Kc2 Rf2 44. Kd1 Rh2 45. fxg5 hxg5 46. Rb4 b5 47. axb5 axb5 48. h4 gxh4 49. gxh4 Rxh4 50. Rxb5 Rh1+ 51. Kc2 Rh2 52. Kd3 Rxe2 0-1

[Event "Borisoglebsk Autumn op"]
[Site "Borisoglebsk"]
[Date "2013.09.08"]
[Round "6"]
[White "Vechkanov, Valery"]
[Black "Skvortsov, Grigory"]
[Result "1/2-1/2"]
[WhiteElo "1891"]
[BlackElo "1916"]
[PlyCount "43"]
[EventDate "2013.09.06"]
[EventType "swiss"]
[EventRounds "7"]
[EventCountry "RUS"]
[SourceTitle "CBM 156 Extra"]
[Source "ChessBase"]
[SourceDate "2013.10.22"]
[SourceVersion "1"]
[SourceVersionDate "2013.10.22"]
[SourceQuality "1"]

1. e4 c5 2. Bb5 Nc6 3. Bxc6 bxc6 4. Nc3 Nf6 5. d3 e6 6. Bg5 d5 7. exd5 cxd5 8. Bxf6 gxf6 9. Nf3 Bg7 10. 0-0 0-0 11. d4 cxd4 12. Nxd4 e5 13. Nc6 Qd7 14. Nb4 Ba6 15. Re1 d4 16. Ne2 d3 17. cxd3 e4 18. dxe4 Qxd1 19. Raxd1 Bxe2 20. Rxe2 Rad8 21. Rxd8 Rxd8 22. Nc2 1/2-1/2

[Event "Borisoglebsk-ch"]
[Site "Borisoglebsk"]
[Date "2012.06.23"]
[Round "2"]
[White "Vechkanov, Valery"]
[Black "Bryakin, Mikhail"]
[Result "0-1"]
[WhiteElo "1879"]
[BlackElo "2110"]
[PlyCount "128"]
[EventDate "2012.06.22"]
[EventType "swiss"]
[EventRounds "7"]
[EventCountry "RUS"]
[SourceTitle "EXT 2013"]
[Source "ChessBase"]
[SourceDate "2012.11.22"]
[SourceVersion "1"]
[SourceVersionDate "2012.11.22"]
[SourceQuality "1"]

1. d4 c5 2. d5 e5 3. c4 d6 4. Nc3 f5 5. e4 Nf6 6. Bg5 h6 7. Bxf6 Qxf6 8. Bd3 f4 9. Be2 Na6 10. Bh5+ g6 11. Bf3 Bd7 12. Bg4 Bxg4 13. Qxg4 Be7 14. Qe2 Bd8 15. a3 Ba5 16. Qc2 0-0 17. Nf3 Rab8 18. 0-0-0 Bxc3 19. Qxc3 Nc7 20. Qa5 Qe7 21. Qxa7 b5 22. Qa5 b4 23. Qa4 Ra8 24. Qb3 bxa3 25. bxa3 Rfb8 26. Qc3 Qd7 27. Kd2 Qa4 28. Rb1 g5 29. Kd3 Kf7 30. Nd2 Qxa3 31. Rxb8 Qxc3+ 32. Kxc3 Rxb8 33. Ra1 Rb7 34. f3 h5 35. h3 Kf6 36. Nb3 Kg6 37. Ra2 g4 38. hxg4 hxg4 39. Ra1 Ne8 40. Ra6 Kg5 41. Ra8 Nf6 42. Ra6 Rd7 43. Kd3 Nh5 44. Nd2 Kh4 45. Ra8 Kg3 46. fxg4 Nf6 47. g5 Ng4 48. Rf8 Rg7 49. Rf5 Kxg2 50. Ke2 Nh2 51. Rf8 Rxg5 52. Rf6 Rg3 53. Rxd6 f3+ 54. Kd1 f2 55. Ke2 Nf3 56. Rf6 Nxd2 57. Rxf2+ Kg1 58. d6 Nxc4 59. d7 Re3+ 60. Kd1 Kxf2 61. d8Q Rd3+ 62. Qxd3 Nb2+ 63. Kc2 Nxd3 64. Kxd3 Kf3 0-1

[Event "Borisoglebsk Bocharov Memorial"]
[Site "Borisoglebsk"]
[Date "2012.03.31"]
[Round "7"]
[White "Kopovaya, Aleksandra"]
[Black "Vechkanov, Valery"]
[Result "1-0"]
[WhiteElo "1558"]
[BlackElo "1908"]
[PlyCount "53"]
[EventDate "2012.03.29"]
[EventType "swiss"]
[EventRounds "9"]
[EventCountry "RUS"]
[SourceTitle "EXT 2013"]
[Source "ChessBase"]
[SourceDate "2012.11.22"]
[SourceVersion "1"]
[SourceVersionDate "2012.11.22"]
[SourceQuality "1"]

1. e4 c5 2. d4 cxd4 3. c3 dxc3 4. Nxc3 d6 5. Bc4 Nc6 6. Nf3 e6 7. 0-0 Be7 8. Qe2 a6 9. Rd1 Qc7 10. Be3 b5 11. Bb3 Nf6 12. Rac1 Qb7 13. Bf4 e5 14. Bg5 0-0 15. Bxf6 gxf6 16. Nd5 Be6 17. Rxc6 Bxd5 18. Bxd5 Qd7 19. Rdc1 Qg4 20. Rc7 Bd8 21. Bxa8 Bxc7 22. Bd5 Bb6 23. h3 Qf4 24. Qd2 Qg3 25. Rc6 Ba7 26. Rxa6 Bc5 27. b4 1-0

[Event "Anna Alekhine Cup"]
[Site "Anna"]
[Date "2012.02.19"]
[Round "5"]
[White "Vechkanov, Valery"]
[Black "Orekhov, Boris"]
[Result "1/2-1/2"]
[WhiteElo "1908"]
[BlackElo "1918"]
[PlyCount "39"]
[EventDate "2012.02.17"]
[EventType "swiss"]
[EventRounds "9"]
[EventCountry "RUS"]
[SourceTitle "EXT 2013"]
[Source "ChessBase"]
[SourceDate "2012.11.22"]
[SourceVersion "1"]
[SourceVersionDate "2012.11.22"]
[SourceQuality "1"]

1. d4 d5 2. c4 c6 3. Nc3 Nf6 4. cxd5 cxd5 5. Bf4 e6 6. e3 Bd6 7. Bxd6 Qxd6 8. Bd3 a6 9. Nf3 Nc6 10. Rc1 0-0 11. 0-0 b5 12. a3 b4 13. Na4 a5 14. Nc5 e5 15. dxe5 Nxe5 16. Be2 Ned7 17. Nxd7 Bxd7 18. a4 Rac8 19. Qd4 Bxa4 20. Qa7 1/2-1/2

[Event "Anna Alekhine Cup"]
[Site "Anna"]
[Date "2012.02.17"]
[Round "2"]
[White "Novikov, Ivan"]
[Black "Vechkanov, Valery"]
[Result "1/2-1/2"]
[WhiteElo "1823"]
[BlackElo "1908"]
[PlyCount "61"]
[EventDate "2012.02.17"]
[EventType "swiss"]
[EventRounds "9"]
[EventCountry "RUS"]
[SourceTitle "EXT 2013"]
[Source "ChessBase"]
[SourceDate "2012.11.22"]
[SourceVersion "1"]
[SourceVersionDate "2012.11.22"]
[SourceQuality "1"]

1. e4 c5 2. Nf3 Nc6 3. d4 cxd4 4. Nxd4 d6 5. Nc3 Nf6 6. Be3 g6 7. Be2 Bg7 8. 0-0 0-0 9. Qd2 Bd7 10. Nb3 Rc8 11. Bh6 Ne5 12. Bxg7 Kxg7 13. Qd4 Qb6 14. Rfd1 Qxd4 15. Rxd4 Nc6 16. Rd2 Ne5 17. Rd4 b6 18. f3 Rc7 19. h3 Nh5 20. Kh2 Nf4 21. Bf1 Ne6 22. Rd2 Nc4 23. Bxc4 Rxc4 24. Nd5 Re8 25. c3 Ng5 26. Rad1 f6 27. Rd4 Rxd4 28. Nxd4 Kf7 29. h4 Ne6 30. Nxe6 Bxe6 31. Nc7 1/2-1/2

[Event "Borisoglebsk Bocharov Memorial"]
[Site "Borisoglebsk"]
[Date "2011.03.31"]
[Round "1"]
[White "Vechkanov, Valery"]
[Black "Sigitov, Vasily"]
[Result "1/2-1/2"]
[WhiteElo "1924"]
[BlackElo "2291"]
[PlyCount "64"]
[EventDate "2011.03.31"]
[EventType "swiss"]
[EventRounds "9"]
[EventCountry "RUS"]
[SourceTitle "CBM 141 Extra"]
[Source "ChessBase"]
[SourceDate "2011.05.03"]
[SourceVersion "1"]
[SourceVersionDate "2011.05.03"]
[SourceQuality "1"]

1. c4 Nf6 2. d4 c5 3. d5 b5 4. Nc3 b4 5. Nb1 d6 6. Qc2 g6 7. e4 Bg7 8. Nf3 Bg4 9. Be2 Nbd7 10. Nbd2 0-0 11. 0-0 a5 12. Re1 Qc7 13. h3 Bxf3 14. Nxf3 a4 15. Rb1 Rfb8 16. Qd3 Nh5 17. g4 Nhf6 18. Bf4 Ne8 19. Red1 Ne5 20. Nxe5 dxe5 21. Be3 a3 22. b3 Rd8 23. Rf1 Rac8 24. Qd2 Rd7 25. Rbd1 Nf6 26. Bd3 Ne8 27. Kg2 Rcd8 28. f3 Rc8 29. Qf2 Nd6 30. Kh1 Rdd8 31. Rg1 Rf8 32. Qg3 f6 1/2-1/2

[Event "Voronezh Region-ch Seniors"]
[Site "Voronezh"]
[Date "2009.11.22"]
[Round "3.4"]
[White "Ajrapetian, Nikita"]
[Black "Vechkanov, Valery"]
[Result "1-0"]
[WhiteElo "2090"]
[BlackElo "1952"]
[PlyCount "99"]
[EventDate "2009.11.20"]
[EventType "swiss"]
[EventRounds "9"]
[EventCountry "RUS"]
[SourceTitle "EXT 2022"]
[Source "ChessBase"]
[SourceDate "2021.10.06"]
[SourceVersion "1"]
[SourceVersionDate "2021.10.06"]
[SourceQuality "1"]

1. d4 Nf6 2. c4 c5 3. d5 e6 4. Nc3 exd5 5. cxd5 g6 6. e4 d6 7. Bd3 a6 8. a4 Bg7 9. Nf3 0-0 10. 0-0 Re8 11. Re1 Nbd7 12. Bf4 Qc7 13. Nd2 Nh5 14. Be3 Be5 15. g3 Ndf6 16. f3 Bh3 17. Bf1 Bxf1 18. Nxf1 b5 19. Qc2 b4 20. Ne2 Qd7 21. f4 Bd4 22. Nxd4 cxd4 23. Bxd4 Rac8 24. Qd3 Qh3 25. Bxf6 Nxf6 26. Nd2 Ng4 27. Nf3 f6 28. Rad1 Rc7 29. Rd2 Rec8 30. Qf1 Qxf1+ 31. Kxf1 Rc1 32. Rde2 R8c2 33. Rxc1 Rxc1+ 34. Kg2 b3 35. Nd4 Rc4 36. Nxb3 Rxa4 37. h3 Nh6 38. Kf3 Rb4 39. Nc1 Nf7 40. Nd3 Rb3 41. Ke3 a5 42. Kd4 a4 43. Kc4 h5 44. Re1 Rb8 45. Ra1 Rc8+ 46. Kb5 Rb8+ 47. Ka5 Rb3 48. Rd1 a3 49. Ka4 Rb7 50. Kxa3 1-0

[Event "Lysenko Memorial op"]
[Site "Liski"]
[Date "2009.05.10"]
[Round "8"]
[White "Vechkanov, Valery"]
[Black "Rodin, Dmitrij"]
[Result "0-1"]
[WhiteElo "1985"]
[BlackElo "2428"]
[PlyCount "48"]
[EventDate "2009.05.02"]
[EventType "swiss"]
[EventRounds "9"]
[EventCountry "RUS"]
[SourceTitle "EXT 2022"]
[Source "ChessBase"]
[SourceDate "2021.10.06"]
[SourceVersion "1"]
[SourceVersionDate "2021.10.06"]
[SourceQuality "1"]

1. d4 Nf6 2. c4 e6 3. Nc3 Bb4 4. a3 Bxc3+ 5. bxc3 c5 6. e3 Nc6 7. Bd3 b6 8. e4 d6 9. Ne2 e5 10. dxe5 dxe5 11. f4 0-0 12. fxe5 Nxe5 13. Nf4 Bg4 14. Qc2 Nxd3+ 15. Nxd3 Re8 16. 0-0 Rxe4 17. Bg5 Re2 18. Qa4 Qxd3 19. Bxf6 Qe4 20. Rf2 Rxf2 21. Kxf2 Qf4+ 22. Kg1 Qxf6 23. Re1 Be6 24. Qc6 Rd8 0-1